000 00526nam a22001691c 4500
001 bv036787620
008 150618s2010 gw a||| 000u ger d
020 _a9783534234882
_9978-3-534-23488-2
245 0 4 _aDer Kalte Krieg /
_cUta Andrea Balbier ..hrsg. in Zusammenarbeit mit DAMALS
264 _aDarmstadt :
_bWBG, Wissenschaftliche Buchgesellschaft,
_c2010
300 _a128 S. : zahlr. Ill., Kt
650 0 _aOst-West-Konflikt
655 0 _aAufsatzsammlung
942 _cMG
040 _cRU-10907106
003 RU-10907106
999 _c25952
_d25952